Indo-Iranian Studies Presented for the Golden Jubilee of the Pahlavi Dynast (Record no. 7153)

MARC details
000 -LEADER
fixed length control field 00681nam a2200253 a 4500
020 ## - INTERNATIONAL STANDARD BOOK NUMBER
ISBN
082 00 - DEWEY DECIMAL CLASSIFICATION NUMBER
Classification number 909.0974927
Author Cutter MUJ
100 ## - MAIN ENTRY--AUTHOR NAME
Author name Mujtabai, Fathullah
245 ## - TITLE STATEMENT
Title Indo-Iranian Studies Presented for the Golden Jubilee of the Pahlavi Dynast
260 ## - PUBLICATION, DISTRIBUTION, ETC. (IMPRINT)
Place of publication New Delhi
Name of publisher Indian Social Institute
Year of publication 1977
300 ## - PHYSICAL DESCRIPTION
Number of Pages 221p
500 ## - GENERAL NOTE
General note includes index and biblioraphy
505 2# - FORMATTED CONTENTS NOTE
Formatted contents note Index
650 ## - SUBJECT ADDED ENTRY--TOPICAL TERM
Topical Term Civilization-Iran
650 ## - SUBJECT ADDED ENTRY--TOPICAL TERM
Topical Term India-Relation-Iran
942 ## - ADDED ENTRY ELEMENTS (KOHA)
Koha item type Books
700 1# -
-- Mujtabai, Fathullah
Holdings
Collection code Home library Current library Date acquired Cost, normal purchase price Full call number Accession Number Koha item type
  Henry Martyn Institute Library Henry Martyn Institute Library 06/05/2007 100.00 909.0974927 MUJ 013189 Books
                   Copyright © 2026 | Henry Martyn Institute | Hyderabad | TS-500052 | INDIA | Implemented by hmi.edu.in
Hit-Count:

Powered by Koha